[Event "Gatineau Rentree-A"]
[Site "Gatineau"]
[Date "2016.10.04"]
[Round "4"]
[White "Laferriere, Bruno"]
[Black "Bastien, Andre"]
[Result "1-0"]
[WhiteElo "1916"]
[BlackElo "1840"]
[PlyCount "81"]
[EventDate "2016.09.13"]
[EventType "swiss"]
[EventRounds "5"]
[EventCountry "CAN"]
[SourceTitle "EXT 2022"]
[Source "ChessBase"]
[SourceDate "2021.10.06"]
[SourceVersion "1"]
[SourceVersionDate "2021.10.06"]
[SourceQuality "1"]

1. e4 d5 2. exd5 Nf6 3. Nf3 c6 4. dxc6 Nxc6 5. Nc3 e5 6. d3 Bb4 7. Bd2 0-0 8. Be2 Bf5 9. a3 Bd6 10. Ng5 Rc8 11. Nge4 Be7 12. 0-0 Nd4 13. Ng3 Be6 14. Re1 Nd5 15. Bf3 f6 16. Nf1 Qd7 17. Bxd5 Bxd5 18. Nxd5 Qxd5 19. Ne3 Qb5 20. Nc4 Qd7 21. a4 Rfd8 22. Bc3 Qf5 23. Bxd4 Rxd4 24. Qe2 Bc5 25. Kh1 Rf4 26. f3 Rh4 27. g3 Rd4 28. Qg2 a6 29. a5 Rcd8 30. Re4 Qg5 31. Rxd4 Rxd4 32. Qe2 h5 33. Re1 Qg6 34. Qg2 Qh6 35. Qh3 h4 36. Qc8+ Kh7 37. Qxc5 hxg3 38. Re2 Qh3 39. Rg2 Rh4 40. Qg1 g5 41. Rxg3 1-0

[Event "Gatineau Rentree-A"]
[Site "Gatineau"]
[Date "2016.09.27"]
[Round "3"]
[White "Gagnon, Fabien"]
[Black "Laferriere, Bruno"]
[Result "0-1"]
[WhiteElo "1968"]
[BlackElo "1916"]
[PlyCount "160"]
[EventDate "2016.09.13"]
[EventType "swiss"]
[EventRounds "5"]
[EventCountry "CAN"]
[SourceTitle "EXT 2022"]
[Source "ChessBase"]
[SourceDate "2021.10.06"]
[SourceVersion "1"]
[SourceVersionDate "2021.10.06"]
[SourceQuality "1"]

1. e4 c5 2. Nf3 Nc6 3. d4 cxd4 4. Nxd4 Nf6 5. Nc3 d6 6. Bc4 e6 7. Bb3 Be7 8. Be3 a6 9. 0-0 Qc7 10. a4 0-0 11. f4 Na5 12. Qe2 Nxb3 13. Nxb3 Bd7 14. Nd4 Rac8 15. h3 h6 16. Rf2 Rfe8 17. Raf1 Bf8 18. g4 Qc4 19. g5 Qxe2 20. Ndxe2 Nh5 21. h4 b5 22. axb5 axb5 23. Rc1 b4 24. Nd1 e5 25. gxh6 gxh6 26. f5 Bc6 27. Rg2+ Kh7 28. Nf2 Bb5 29. Ng3 Nf6 30. Nd3 Bxd3 31. cxd3 Rxc1+ 32. Bxc1 Rc8 33. Bd2 d5 34. exd5 Nxd5 35. Ne4 Rc2 36. Be1 Rxg2+ 37. Kxg2 Nf4+ 38. Kf3 Nxd3 39. Bg3 Be7 40. f6 Bd8 41. b3 Kg6 42. Ke3 Nf4 43. Bxf4 exf4+ 44. Kxf4 Bc7+ 45. Kg4 h5+ 46. Kf3 Be5 47. Nc5 Bxf6 48. Nd3 Bc3 49. Nf4+ Kh6 50. Ke4 Bd2 51. Nd5 Kg6 52. Kd3 Be1 53. Ke2 Bxh4 54. Nxb4 Kf5 55. Kf3 Bg5 56. Nd3 Bd8 57. Nf2 Ke5 58. Nh3 f5 59. b4 h4 60. b5 Bc7 61. Ng5 Kd5 62. Nh3 Kc5 63. Ng5 Kxb5 64. Nh3 Kc4 65. Ng5 Kd5 66. Nh3 Ke6 67. Ng5+ Ke5 68. Nh3 Kf6 69. Nf2 Ba5 70. Nh3 Bd2 71. Ke2 Bc1 72. Kf3 Ke5 73. Nf2 Kd4 74. Ke2 Be3 75. Nd1 f4 76. Kf3 h3 77. Nb2 Bg1 78. Na4 Kd3 79. Nb2+ Kc3 80. Na4+ Kc2 0-1

[Event "Gatineau Rentree-A"]
[Site "Gatineau"]
[Date "2016.09.20"]
[Round "2"]
[White "Laferriere, Bruno"]
[Black "Rose, Richard1111"]
[Result "1-0"]
[WhiteElo "1916"]
[BlackElo "2042"]
[PlyCount "53"]
[EventDate "2016.09.13"]
[EventType "swiss"]
[EventRounds "5"]
[EventCountry "CAN"]
[SourceTitle "EXT 2022"]
[Source "ChessBase"]
[SourceDate "2021.10.06"]
[SourceVersion "1"]
[SourceVersionDate "2021.10.06"]
[SourceQuality "1"]

1. e4 c5 2. Nf3 Nc6 3. Nc3 d6 4. d4 cxd4 5. Nxd4 Nf6 6. Be2 e5 7. Nxc6 bxc6 8. 0-0 Be7 9. Bg5 h6 10. Bh4 0-0 11. Bg3 Be6 12. Kh1 Qb6 13. Rb1 Rfe8 14. f4 exf4 15. Bxf4 d5 16. exd5 cxd5 17. Bf3 Rad8 18. Ne2 Ne4 19. Qe1 Bc5 20. Bxe4 dxe4 21. b3 g5 22. Qg3 Qa6 23. Bxg5 hxg5 24. Qxg5+ Kh8 25. Rf4 Bf5 26. Qxf5 Qxe2 27. Qf6+ 1-0

[Event "Gatineau Benevoles-B"]
[Site "Gatineau"]
[Date "2014.09.09"]
[Round "1"]
[White "Raymond, Daniel"]
[Black "Laferriere, Bruno"]
[Result "0-1"]
[WhiteElo "1641"]
[BlackElo "1858"]
[PlyCount "130"]
[EventDate "2014.09.09"]
[EventType "swiss"]
[EventRounds "5"]
[EventCountry "CAN"]
[SourceTitle "EXT 2016"]
[Source "ChessBase"]
[SourceDate "2015.10.08"]
[SourceVersion "1"]
[SourceVersionDate "2015.10.08"]
[SourceQuality "1"]

1. e4 c5 2. Nf3 Nc6 3. Nc3 g6 4. d4 cxd4 5. Nxd4 Bg7 6. Be3 d6 7. Be2 Nf6 8. 0-0 0-0 9. f4 Qc7 10. f5 a6 11. Qd2 Ne5 12. Bf4 b5 13. Bxe5 dxe5 14. Nb3 Rd8 15. Bd3 gxf5 16. Qg5 h6 17. Qh4 f4 18. Rad1 Bb7 19. Nd2 Rd7 20. a3 Rad8 21. Rde1 b4 22. axb4 Qb6+ 23. Kh1 Qxb4 24. Nc4 Nh7 25. Qg4 Kh8 26. Qh5 f6 27. Qf5 Nf8 28. Ra1 Rc7 29. Ra4 Qc5 30. Ra5 Qd4 31. Ne2 Qa7 32. b3 Bc8 33. Qh5 Ne6 34. Raa1 Nc5 35. Rfd1 Nxd3 36. Rxd3 Rxd3 37. cxd3 Bd7 38. Qf3 Bb5 39. Nc3 Qd4 40. Rc1 e6 41. Ne2 Qd8 42. Qh3 Rd7 43. Rd1 Bxc4 44. bxc4 Qb6 45. Qf3 Qb3 46. Nc1 Qb1 47. Qe2 Bf8 48. Qa2 Rxd3 49. Rg1 Qxa2 50. Nxa2 Rd4 51. Rc1 Rxe4 52. h3 Bc5 53. Kh2 a5 54. Rc2 a4 55. h4 h5 56. Nc1 Rd4 57. Ne2 Rd8 58. Nc3 a3 59. Ne4 Bd4 60. Nxf6 Bb2 61. Ne4 a2 62. Ng5 Ra8 63. Nf7+ Kg7 64. Nxe5 a1Q 65. Nf3 Rd8 0-1

[Event "Gatineau op"]
[Site "Gatineau"]
[Date "2014.03.01"]
[Round "2"]
[White "Laferriere, Bruno"]
[Black "Pacey, Kevin"]
[Result "1/2-1/2"]
[WhiteElo "1790"]
[BlackElo "2216"]
[PlyCount "164"]
[EventDate "2014.01.28"]
[EventType "swiss"]
[EventRounds "5"]
[EventCountry "CAN"]
[SourceTitle "EXT 2015"]
[Source "ChessBase"]
[SourceDate "2014.11.20"]
[SourceVersion "1"]
[SourceVersionDate "2014.11.20"]
[SourceQuality "1"]

1. d4 Nf6 2. c4 e6 3. Nc3 Bb4 4. Qc2 0-0 5. Bg5 c5 6. e3 h6 7. Bh4 b6 8. Be2 Bb7 9. Bf3 Bxf3 10. Nxf3 cxd4 11. Nxd4 Bxc3+ 12. Qxc3 Ne4 13. Bxd8 Nxc3 14. Be7 Re8 15. Bb4 Ne4 16. f3 Na6 17. Ba3 Nec5 18. 0-0-0 d5 19. cxd5 exd5 20. Rhe1 Rac8 21. Kb1 Nc7 22. Nf5 Re5 23. g4 Rce8 24. b3 g6 25. Nxh6+ Kg7 26. g5 Rxe3 27. Bb2+ Kf8 28. Rxe3 Rxe3 29. Ng4 Rd3 30. Re1 N7e6 31. Be5 Ke7 32. Bf6+ Ke8 33. Ne5 Rd2 34. Rc1 a5 35. a3 Re2 36. b4 Rxe5 37. bxc5 Re3 38. cxb6 Rb3+ 39. Ka2 Rxb6 40. Rc8+ Kd7 41. Ra8 Nc7 42. Ra7 Ra6 43. Rb7 Kc6 44. Rb8 Ne6 45. Rc8+ Kb5 46. h4 Ka4 47. Be7 Rb6 48. Ra8 Kb5 49. Bd8 Nxd8 50. Rxd8 Kc4 51. Rd7 f6 52. h5 fxg5 53. h6 d4 54. h7 Rb8 55. Rc7+ Kd3 56. Rg7 Rh8 57. Kb3 Ke3 58. Rxg6 Rxh7 59. Rxg5 Rc7 60. Rxa5 Kxf3 61. Rd5 Ke4 62. Rd8 d3 63. Re8+ Kf3 64. Rf8+ Ke2 65. Re8+ Kd1 66. Rd8 d2 67. Kb2 Rb7+ 68. Ka2 Re7 69. Kb2 Ke1 70. Kb3 d1Q+ 71. Rxd1+ Kxd1 72. Kc4 Ra7 73. Kb4 Kc2 74. a4 Rh7 75. a5 Kd3 76. a6 Kd4 77. Kb5 Kd5 78. Kb6 Rh6+ 79. Kb7 Kc5 80. a7 Rh7+ 81. Ka6 Rh6+ 82. Kb7 Rh7+ 1/2-1/2

[Event "Gatineau Loisirs"]
[Site "Gatineau"]
[Date "2013.11.05"]
[Round "4"]
[White "Laferriere, Bruno"]
[Black "Lavergne, Daniel"]
[Result "1-0"]
[WhiteElo "1795"]
[BlackElo "1763"]
[PlyCount "57"]
[EventDate "2013.10.15"]
[EventType "swiss"]
[EventRounds "4"]
[EventCountry "CAN"]
[SourceTitle "EXT 2022"]
[Source "ChessBase"]
[SourceDate "2021.10.06"]
[SourceVersion "1"]
[SourceVersionDate "2021.10.06"]
[SourceQuality "1"]

1. e4 e5 2. Nf3 Nc6 3. Bb5 a6 4. Ba4 Nf6 5. 0-0 b5 6. Bb3 Bc5 7. c3 d6 8. d4 Bb6 9. dxe5 dxe5 10. Qxd8+ Nxd8 11. Nxe5 Bb7 12. Be3 Bxe3 13. fxe3 Bxe4 14. Nd2 Bg6 15. a4 Rb8 16. axb5 axb5 17. Ra7 Nd7 18. Nxg6 hxg6 19. Rxc7 Nc5 20. Bd5 Rh5 21. e4 Rb6 22. Ra1 g5 23. Raa7 Rbh6 24. Nf1 g4 25. Ra8 g3 26. Nxg3 Rxh2 27. Nf5 Rh1+ 28. Kf2 Rf6 29. Re7+ 1-0

[Event "Gatineau Hull CC 28 Ann-B"]
[Site "Gatineau"]
[Date "2007.09.11"]
[Round "1"]
[White "Kennedy, Philip"]
[Black "Laferriere, Bruno"]
[Result "0-1"]
[WhiteElo "1409"]
[BlackElo "1834"]
[PlyCount "134"]
[EventDate "2007.09.11"]
[EventType "swiss"]
[EventRounds "5"]
[EventCountry "CAN"]
[SourceTitle "EXT 2022"]
[Source "ChessBase"]
[SourceDate "2021.10.06"]
[SourceVersion "1"]
[SourceVersionDate "2021.10.06"]
[SourceQuality "1"]

1. Nf3 c5 2. g3 Nc6 3. Bg2 Nf6 4. 0-0 d5 5. c4 e6 6. Nc3 d4 7. Nb5 a6 8. Na3 Bd6 9. d3 0-0 10. e4 e5 11. Bd2 Ne8 12. Nc2 f5 13. exf5 Bxf5 14. Qe2 Nf6 15. Rfe1 Qd7 16. Ng5 h6 17. Ne4 Nxe4 18. Bxe4 Bg4 19. f3 Be6 20. a3 b5 21. b3 Rab8 22. Bd5 Bxd5 23. cxd5 Ne7 24. Qe4 Rbc8 25. f4 exf4 26. Qe6+ Qxe6 27. Rxe6 fxg3 28. Rxd6 Rf2 29. Rd1 Rxh2 30. Ne1 Rf8 31. Ng2 Rf2 32. Ne1 Rxd2 33. Rxd2 Rxd2 34. Rd7 Nf5 35. d6 Rd1 36. Rd8+ Kf7 37. d7 Ke7 38. Rf8 Rxe1+ 39. Kg2 Ne3+ 40. Kxg3 Kxd7 41. Ra8 Rg1+ 42. Kf2 Rg6 43. Ra7+ Kc8 44. Re7 h5 45. Kf3 h4 46. Re5 Rf6+ 47. Ke4 h3 48. Rxc5+ Kb7 49. Rh5 Rh6 50. Rg5 g6 51. Rg1 h2 52. Rh1 Nf5 53. Kf3 Rh3+ 54. Kg2 Rxd3 55. Kxh2 Rxb3 56. Rg1 Rb2+ 57. Kh3 d3 58. Rxg6 d2 59. Rg1 Rb3+ 60. Kh2 Ne3 61. Rg7+ Kc6 62. Rg6+ Kd5 63. Rg5+ Ke4 64. Rh5 d1Q 65. Rh4+ Ng4+ 66. Kg2 Qf3+ 67. Kg1 Rb1# 0-1

[Event "Gatineau Monarque blanc"]
[Site "Gatineau"]
[Date "2007.01.30"]
[Round "3"]
[White "Cossette, Daniel"]
[Black "Laferriere, Bruno"]
[Result "1-0"]
[WhiteElo "2137"]
[BlackElo "1880"]
[PlyCount "79"]
[EventDate "2007.01.16"]
[EventType "swiss"]
[EventRounds "7"]
[EventCountry "CAN"]
[SourceTitle "EXT 2022"]
[Source "ChessBase"]
[SourceDate "2021.10.06"]
[SourceVersion "1"]
[SourceVersionDate "2021.10.06"]
[SourceQuality "1"]

1. e4 c5 2. Nc3 Nc6 3. g3 g6 4. Bg2 Bg7 5. d3 d6 6. f4 e6 7. Nf3 Nge7 8. 0-0 0-0 9. Be3 Re8 10. Qd2 b6 11. d4 Bb7 12. Rfd1 Na5 13. Bf1 Rc8 14. dxc5 dxc5 15. Qf2 Qc7 16. Nb5 Qc6 17. Nd6 Bxb2 18. Bb5 Qxd6 19. Rxd6 Bxa1 20. Bxe8 Rxe8 21. Nd2 Bc3 22. Qe2 Bc6 23. Qd3 Nb7 24. Rxc6 Bxd2 25. Rc7 Bxe3+ 26. Qxe3 Na5 27. Qd3 Nac6 28. Rxc6 Nxc6 29. Qd7 Rd8 30. Qxc6 Rd1+ 31. Kg2 Rd2+ 32. Kh3 Rxc2 33. Qa8+ Kg7 34. Qxa7 Rb2 35. Qa6 Rb4 36. e5 Rb2 37. g4 b5 38. f5 gxf5 39. gxf5 exf5 40. Qf6+ 1-0

[Event "Gatineau Nez rouge A"]
[Site "Gatineau"]
[Date "2006.12.01"]
[Round "2"]
[White "Szalay, Karoly"]
[Black "Laferriere, Bruno"]
[Result "0-1"]
[WhiteElo "1865"]
[BlackElo "1844"]
[PlyCount "146"]
[EventDate "2006.11.21"]
[EventType "swiss"]
[EventRounds "5"]
[EventCountry "CAN"]
[SourceTitle "EXT 2022"]
[Source "ChessBase"]
[SourceDate "2021.10.06"]
[SourceVersion "1"]
[SourceVersionDate "2021.10.06"]
[SourceQuality "1"]

1. e4 c5 2. Nf3 Nc6 3. d4 cxd4 4. Nxd4 Nf6 5. Nc3 d6 6. Bg5 Qa5 7. Bxf6 gxf6 8. Bc4 Qb4 9. Bb5 Bd7 10. Nb3 d5 11. Qxd5 e6 12. Qd2 0-0-0 13. 0-0-0 Qe7 14. Kb1 Rg8 15. g3 Qe8 16. Qe3 Kb8 17. Qf4+ e5 18. Qxf6 Be7 19. Qf3 Bg4 20. Rxd8+ Bxd8 21. Qd3 Bb6 22. f3 Be6 23. Nd5 Bd8 24. Nc5 Bc8 25. Qc3 Rg6 26. Nb4 Rd6 27. Ncd3 f6 28. Ba4 Bb6 29. Nd5 Bd4 30. Qa3 Qd8 31. c3 Bb6 32. Bb5 f5 33. Qa4 Be6 34. Bxc6 bxc6 35. N5b4 fxe4 36. Nxe5 Kb7 37. Nbxc6 Qc7 38. Qb4 exf3 39. Rf1 Bf5+ 40. Kc1 Rxc6 41. Nxc6 Qxc6 42. Qe7+ Ka6 43. Qe5 Qh6+ 44. Kd1 Qxh2 45. Rxf3 Qc2+ 46. Ke1 Qb1+ 47. Ke2 Qxb2+ 48. Kf1 Bh3+ 49. Ke1 Qc1+ 50. Ke2 Bg4 51. Qe4 Qb2+ 52. Kd1 Qa1+ 53. Kc2 Qxa2+ 54. Kc1 Bxf3 55. Qxf3 Qa3+ 56. Kc2 Qa4+ 57. Kb2 Qb5+ 58. Kc2 Qd7 59. g4 Qe7 60. g5 Qxg5 61. Qd3+ Qb5 62. Qxh7 Qe2+ 63. Kb3 Qd1+ 64. Kb2 Qd2+ 65. Kb3 Qd5+ 66. Kb2 Bc5 67. Qg6+ Ka5 68. Qf6 Be3 69. Qe7 Bc5 70. Qf6 Qc4 71. Qd8+ Ka4 72. Qf6 Ba3+ 73. Kc2 Qe2+ 0-1

[Event "Gatineau Monarque Noir op"]
[Site "Gatineau"]
[Date "2006.02.07"]
[Round "6"]
[White "Brassard, Sylvain"]
[Black "Laferriere, Bruno"]
[Result "1/2-1/2"]
[WhiteElo "1816"]
[BlackElo "1725"]
[PlyCount "94"]
[EventDate "2006.01.03"]
[EventType "swiss"]
[EventRounds "7"]
[EventCountry "CAN"]
[SourceTitle "EXT 2007"]
[Source "ChessBase"]
[SourceDate "2006.11.23"]
[SourceVersion "1"]
[SourceVersionDate "2006.11.23"]
[SourceQuality "1"]

1. d4 d5 2. c4 e6 3. Nf3 Nf6 4. Bg5 Nbd7 5. e3 c6 6. Nc3 Bd6 7. e4 dxe4 8. Nxe4 Qa5+ 9. Bd2 Bb4 10. Nd6+ Ke7 11. Nxc8+ Raxc8 12. a3 Bxd2+ 13. Qxd2 Qxd2+ 14. Nxd2 Rhd8 15. Be2 c5 16. dxc5 Nxc5 17. f3 Nd3+ 18. Bxd3 Rxd3 19. Ke2 Rcd8 20. Rhd1 R8d4 21. Rab1 h6 22. b3 b6 23. Nf1 Rxd1 24. Rxd1 Rxd1 25. Kxd1 Kd6 26. Kd2 Nd7 27. b4 g6 28. Ng3 f5 29. Ne2 e5 30. Nc3 a6 31. Ne2 Nf8 32. Nc1 Ne6 33. Nb3 Kc6 34. a4 Nc7 35. a5 b5 36. cxb5+ Kxb5 37. Nc5 Kxb4 38. Nd3+ Kxa5 39. Nxe5 Nd5 40. Nxg6 Kb4 41. Nh4 f4 42. Nf5 a5 43. Nxh6 Ne3 44. g4 fxg3 45. hxg3 Nf1+ 46. Kc2 Nxg3 47. f4 Kc4 1/2-1/2

[Event "Sherbrooke Perpetuelles 46-51"]
[Site "Sherbrooke"]
[Date "2004.06.04"]
[Round "3"]
[White "Laferriere, Bruno"]
[Black "Ouellet Lahaie, Didier"]
[Result "1/2-1/2"]
[WhiteElo "1704"]
[BlackElo "1574"]
[PlyCount "106"]
[EventDate "2004.??.??"]
[EventType "swiss"]
[EventRounds "6"]
[EventCountry "CAN"]
[SourceTitle "EXT 2006"]
[Source "ChessBase"]
[SourceDate "2005.11.24"]
[SourceVersion "1"]
[SourceVersionDate "2005.11.24"]
[SourceQuality "1"]

1. d4 Nf6 2. c4 e6 3. Nc3 Bb4 4. Bg5 d5 5. e3 0-0 6. Nf3 h6 7. Bh4 Nbd7 8. a3 Be7 9. Qc2 c5 10. Rc1 cxd4 11. exd4 dxc4 12. Bxc4 Nb6 13. Ba2 Bd7 14. Ne5 Rc8 15. Bxf6 Bxf6 16. Bb1 Re8 17. Qh7+ Kf8 18. 0-0 Bc6 19. Rcd1 Bd5 20. Ne4 Bxe4 21. Bxe4 Nd5 22. Rfe1 Ke7 23. Nxf7 Kxf7 24. Bg6+ Ke7 25. Bxe8 Qxe8 26. g3 Kf7 27. f4 Rc4 28. Qe4 Qc6 29. f5 exf5 30. Qxf5 g6 31. Qf3 Rc2 32. Re2 Rxe2 33. Qxe2 Qe6 34. Qxe6+ Kxe6 35. Kf2 Ne7 36. Kf3 Kd5 37. g4 Nc6 38. Kg3 Nxd4 39. h4 Be5+ 40. Kg2 Ke4 41. Kh3 Kd5 42. Kg2 a5 43. b4 axb4 44. axb4 b5 45. Ra1 h5 46. Ra6 Nc6 47. Rb6 hxg4 48. Rxb5+ Kd6 49. Rb7 Ne7 50. Rb6+ Kc7 51. Re6 Bd6 52. Re4 Nf5 53. Rxg4 Ne3+ 1/2-1/2

[Event "Sherbrooke op-B"]
[Site "Sherbrooke"]
[Date "2004.05.29"]
[Round "2"]
[White "Benoit, Sebastien"]
[Black "Laferriere, Bruno"]
[Result "1-0"]
[WhiteElo "1625"]
[BlackElo "1658"]
[PlyCount "35"]
[EventDate "2004.05.??"]
[EventType "swiss"]
[EventRounds "5"]
[EventCountry "CAN"]
[SourceTitle "EXT 2005"]
[Source "ChessBase"]
[SourceDate "2004.11.15"]
[SourceVersion "1"]
[SourceVersionDate "2004.11.15"]
[SourceQuality "1"]

1. e4 c5 2. Nf3 Nc6 3. Bb5 a6 4. Bxc6 bxc6 5. 0-0 d5 6. Qe2 g6 7. d3 Bg7 8. Nbd2 Nf6 9. e5 Ng4 10. h3 Nh6 11. Nb3 Qb6 12. Be3 d4 13. Bg5 e6 14. Bf6 0-0 15. Be7 Qb5 16. Bxc5 Rd8 17. a4 Qb8 18. Nbxd4 1-0

[Event "Sherbrooke Perpetuelles 46-51"]
[Site "Sherbrooke"]
[Date "2004.05.14"]
[Round "1"]
[White "Laferriere, Bruno"]
[Black "Saziouk, Alexandre"]
[Result "0-1"]
[WhiteElo "1704"]
[BlackElo "1779"]
[PlyCount "92"]
[EventDate "2004.??.??"]
[EventType "swiss"]
[EventRounds "6"]
[EventCountry "CAN"]
[SourceTitle "EXT 2006"]
[Source "ChessBase"]
[SourceDate "2005.11.24"]
[SourceVersion "1"]
[SourceVersionDate "2005.11.24"]
[SourceQuality "1"]

1. e4 c5 2. Nf3 e6 3. d4 cxd4 4. Nxd4 Nf6 5. Nc3 Bb4 6. Bg5 Qa5 7. Bxf6 Bxc3+ 8. bxc3 Qxc3+ 9. Ke2 gxf6 10. Rb1 b6 11. Rb3 Ba6+ 12. Nb5 Qe5 13. Kd2 Bxb5 14. Bxb5 Qxe4 15. Kc1 Nc6 16. Qd6 Qe5 17. Rd1 Qxd6 18. Rxd6 Rd8 19. Bxc6 dxc6 20. Rxc6 Ke7 21. Ra3 Rd7 22. Rg3 f5 23. f4 h6 24. a4 Kf6 25. a5 bxa5 26. Ra6 Rd4 27. Rxa5 Rxf4 28. Rxa7 Rf1+ 29. Kb2 Rf2 30. Raa3 Rd8 31. Raf3 Rb8+ 32. Kc1 Rxf3 33. Rxf3 e5 34. c4 e4 35. Rc3 Ke5 36. c5 Kd5 37. Rc2 Rc8 38. Rd2+ Ke5 39. Kd1 Rxc5 40. Ke2 f4 41. g3 f3+ 42. Kf2 f5 43. h3 Rc1 44. Rb2 Rh1 45. Rb5+ Kf6 46. h4 Kg6 0-1

[Event "Sherbrooke Perpetuelles 41-45"]
[Site "Sherbrooke"]
[Date "2004.05.07"]
[Round "5"]
[White "Laferriere, Bruno"]
[Black "Ouellet Lahaie, Didier"]
[Result "1-0"]
[WhiteElo "1501"]
[BlackElo "1609"]
[PlyCount "77"]
[EventDate "2004.04.??"]
[EventType "swiss"]
[EventRounds "5"]
[EventCountry "CAN"]
[SourceTitle "EXT 2005"]
[Source "ChessBase"]
[SourceDate "2004.11.15"]
[SourceVersion "1"]
[SourceVersionDate "2004.11.15"]
[SourceQuality "1"]

1. Nf3 Nf6 2. b3 d6 3. d4 Nbd7 4. c4 c5 5. Nc3 g6 6. e3 Bg7 7. Bb2 0-0 8. Bd3 Ne8 9. Qc2 f5 10. Ng5 Ndf6 11. dxc5 dxc5 12. 0-0-0 Nd6 13. Ne2 Qe8 14. Ng3 e5 15. Be2 Nf7 16. Nxf7 Rxf7 17. Rd2 Bd7 18. Rhd1 Bc6 19. f3 a6 20. Bc3 b5 21. Ba5 Rd7 22. Rxd7 Bxd7 23. Rd6 Qe7 24. Qd2 b4 25. f4 exf4 26. exf4 Ra7 27. Bb6 Rb7 28. Bxc5 Qe8 29. Bf3 Ne4 30. Qd5+ Kh8 31. Nxe4 fxe4 32. Qxb7 exf3 33. Qxb4 fxg2 34. Rxd7 Bf8 35. Rd1 Qe4 36. Qc3+ Kg8 37. Bxf8 Qxf4+ 38. Qd2 Qxd2+ 39. Kxd2 1-0

[Event "Sherbrooke Perpetuelles 41-45"]
[Site "Sherbrooke"]
[Date "2004.04.02"]
[Round "1"]
[White "Lewis, Claude"]
[Black "Laferriere, Bruno"]
[Result "0-1"]
[WhiteElo "1449"]
[BlackElo "1501"]
[PlyCount "104"]
[EventDate "2004.04.??"]
[EventType "swiss"]
[EventRounds "5"]
[EventCountry "CAN"]
[SourceTitle "EXT 2005"]
[Source "ChessBase"]
[SourceDate "2004.11.15"]
[SourceVersion "1"]
[SourceVersionDate "2004.11.15"]
[SourceQuality "1"]

1. e4 c5 2. c3 e6 3. d4 d5 4. exd5 exd5 5. Nf3 Nc6 6. Bd3 Bd6 7. 0-0 Nge7 8. Bg5 Bg4 9. dxc5 Bxc5 10. Nbd2 Qc7 11. Rc1 0-0 12. Qa4 Bd7 13. Qh4 Ng6 14. Bxg6 fxg6 15. Nd4 Qb6 16. b4 Bxd4 17. cxd4 Qxd4 18. Qxd4 Nxd4 19. Rc7 Bb5 20. Re1 Ne2+ 21. Kh1 Rae8 22. Nf3 Rf7 23. Rxf7 Kxf7 24. Be3 b6 25. a3 h6 26. Rd1 Bc4 27. Nd4 Nxd4 28. Rxd4 g5 29. g3 a5 30. Kg2 axb4 31. axb4 b5 32. Kf3 Kg6 33. Kg2 Kf5 34. g4+ Kg6 35. Kg3 Kf6 36. Kf3 Ra8 37. Kg3 Ra3 38. Kg2 Rb3 39. Rd2 Rxb4 40. Bd4+ Kf7 41. h3 Rb3 42. Kh2 Rd3 43. Rxd3 Bxd3 44. Kg3 b4 45. h4 gxh4+ 46. Kxh4 g6 47. f4 b3 48. Kg3 h5 49. gxh5 gxh5 50. Kh4 Kg6 51. Kg3 Kf5 52. Be5 Ke4 0-1

[Event "Sherbrooke Perpetuelles 36-40"]
[Site "Sherbrooke"]
[Date "2004.03.26"]
[Round "5"]
[White "Laferriere, Bruno"]
[Black "Mathieu, Jean Philippe"]
[Result "1-0"]
[WhiteElo "1418"]
[BlackElo "1437"]
[PlyCount "79"]
[EventDate "2004.02.??"]
[EventType "swiss"]
[EventRounds "5"]
[EventCountry "CAN"]
[SourceTitle "EXT 2005"]
[Source "ChessBase"]
[SourceDate "2004.11.15"]
[SourceVersion "1"]
[SourceVersionDate "2004.11.15"]
[SourceQuality "1"]

1. d4 Nf6 2. c4 g6 3. Nf3 Bg7 4. Nc3 0-0 5. e4 d6 6. Be2 Nc6 7. 0-0 e5 8. Bg5 h6 9. Bh4 g5 10. dxe5 dxe5 11. Bg3 Qe7 12. a3 g4 13. Nh4 Nd4 14. Nd5 Nxd5 15. exd5 Qg5 16. f4 gxf3 17. Nxf3 Qe3+ 18. Rf2 Re8 19. Nxd4 exd4 20. Bf4 Qe7 21. Qd2 Kh7 22. Bd3+ f5 23. Re2 Qf8 24. Bxc7 Rxe2 25. Qxe2 Bd7 26. Re1 Qc5 27. Bg3 a5 28. Qc2 Rf8 29. b4 axb4 30. axb4 Qxb4 31. Rb1 Qa3 32. Rxb7 Bc8 33. Rb3 Qa1+ 34. Rb1 Qc3 35. c5 Kg8 36. Qxc3 dxc3 37. Bf4 Bd4+ 38. Kf1 Bxc5 39. Bxh6 Rf6 40. Rb8 1-0